000 01164nam a2200301Ia 4500
001 ebr10634126
003 CaPaEBR
006 m u
007 cr cn|||||||||
008 110724s2012 enk sb 000 0 eng d
020 _z0718892798
020 _z9780718840389 (ebook)
020 _z9780718892791
040 _aCaPaEBR
_cCaPaEBR
035 _a(OCoLC)847592089
050 1 4 _aPR35
_b.B375 2012eb
100 1 _aBarlow, Adrian.
245 1 0 _aExtramural
_h[electronic resource] :
_bliterature and lifelong learning /
_cAdrian Barlow.
260 _aCambridge, U.K. :
_bLutterworth Press,
_c2012.
300 _a196 p.
504 _aIncludes bibliographical references.
533 _aElectronic reproduction.
_bPalo Alto, Calif. :
_cebrary,
_d2013.
_nAvailable via World Wide Web.
_nAccess may be limited to ebrary affiliated libraries.
650 0 _aAdult education.
650 0 _aEnglish literature
_xStudy and teaching (Continuing education)
655 7 _aElectronic books.
_2local
710 2 _aebrary, Inc.
856 4 0 _uhttp://site.ebrary.com/lib/rucke/Doc?id=10634126
_zAn electronic book accessible through the World Wide Web; click to view
999 _c157309
_d157309